Global navigation satellite systems, inertial navigation, and integration / (Record no. 594243)

000 -LEADER
fixed length control field 01828cam a2200457 i 4500
001 - CONTROL NUMBER
control field 17513516
005 - DATE AND TIME OF LATEST TRANSACTION
control field 20230324110528.0
006 - FIXED-LENGTH DATA ELEMENTS--ADDITIONAL MATERIAL CHARACTERISTICS
fixed length control field m |o d |
007 - PHYSICAL DESCRIPTION FIXED FIELD--GENERAL INFORMATION
fixed length control field cr_|||||||||||
008 - FIXED-LENGTH DATA ELEMENTS--GENERAL INFORMATION
fixed length control field 121031s2013 nju o 001 0 eng
010 ## - LIBRARY OF CONGRESS CONTROL NUMBER
LC control number 2012044417
020 ## - INTERNATIONAL STANDARD BOOK NUMBER
International Standard Book Number 9781118523537 ( ePub)
020 ## - INTERNATIONAL STANDARD BOOK NUMBER
International Standard Book Number 9781118523483 (MobiPocket)
020 ## - INTERNATIONAL STANDARD BOOK NUMBER
International Standard Book Number 9781118523506 (Adobe PDF)
020 ## - INTERNATIONAL STANDARD BOOK NUMBER
Canceled/invalid ISBN 9781118447000 (cloth)
040 ## - CATALOGING SOURCE
Original cataloging agency DLC
Language of cataloging eng
Transcribing agency DLC
Description conventions rda
Modifying agency DLC
042 ## - AUTHENTICATION CODE
Authentication code pcc
050 00 - LIBRARY OF CONGRESS CALL NUMBER
Classification number G109.5
082 00 - DEWEY DECIMAL CLASSIFICATION NUMBER
Classification number 910.285
Edition number 23
Author Mark GRE
100 1# - MAIN ENTRY--PERSONAL NAME
Personal name Grewal, Mohinder S.
9 (RLIN) 24840
240 10 - UNIFORM TITLE
Uniform title Global positioning systems, inertial navigation, and integration
245 10 - TITLE STATEMENT
Title Global navigation satellite systems, inertial navigation, and integration /
Statement of responsibility, etc. Mohinder S. Grewal, Angus P. Andrews, Chris G. Bartone.
250 ## - EDITION STATEMENT
Edition statement Third edition.
264 #1 - PRODUCTION, PUBLICATION, DISTRIBUTION, MANUFACTURE, AND COPYRIGHT NOTICE
Place of production, publication, distribution, manufacture Hoboken, New Jersey :
Name of producer, publisher, distributor, manufacturer John Wiley & Sons,
Date of production, publication, distribution, manufacture, or copyright notice 2013.
300 ## - PHYSICAL DESCRIPTION
Extent 1 online resource.
336 ## - CONTENT TYPE
Content type term text
Source rdacontent
337 ## - MEDIA TYPE
Media type term computer
Source rdamedia
338 ## - CARRIER TYPE
Carrier type term online resource
Source rdacarrier
500 ## - GENERAL NOTE
General note Includes index.
500 ## - GENERAL NOTE
General note Originally published under title: Global positioning systems, inertial navigation, and integration.
588 ## - SOURCE OF DESCRIPTION NOTE
Source of description note Description based on print version record and CIP data provided by publisher.
650 #0 - SUBJECT ADDED ENTRY--TOPICAL TERM
Topical term or geographic name entry element Global Positioning System.
9 (RLIN) 21037
650 #0 - SUBJECT ADDED ENTRY--TOPICAL TERM
Topical term or geographic name entry element Inertial navigation.
9 (RLIN) 24838
650 #0 - SUBJECT ADDED ENTRY--TOPICAL TERM
Topical term or geographic name entry element Kalman filtering.
9 (RLIN) 24841
700 1# - ADDED ENTRY--PERSONAL NAME
Personal name Andrews, Angus P.
9 (RLIN) 24842
700 1# - ADDED ENTRY--PERSONAL NAME
Personal name Bartone, Chris.
9 (RLIN) 24843
776 08 - ADDITIONAL PHYSICAL FORM ENTRY
Relationship information Print version:
Main entry heading Grewal, Mohinder S.
Title Global navigation satellite systems, inertial navigation, and integration
Edition Third edition.
Place, publisher, and date of publication Hoboken : John Wiley & Sons, 2013
International Standard Book Number 9781118447000
Record control number (DLC) 2012032753
906 ## - LOCAL DATA ELEMENT F, LDF (RLIN)
a 7
b cbc
c origcop
d 1
e ecip
f 20
g y-gencatlg
942 ## - ADDED ENTRY ELEMENTS (KOHA)
Source of classification or shelving scheme
Koha item type Book
Holdings
Withdrawn status Lost status Source of classification or shelving scheme Damaged status Not for loan Permanent Location Current Location Shelving location Date acquired Full call number Barcode Date last seen Price effective from Koha item type
          School of Mechanical & Manufacturing Engineering (SMME) School of Mechanical & Manufacturing Engineering (SMME) Aerospace Engineering 03/24/2023 910.285 GRE SMME-4019 03/24/2023 03/24/2023 Book
© 2023 Central Library, National University of Sciences and Technology. All Rights Reserved.